000 00441pab a2200169 454500
008 180718b2005 xxu||||| |||| 00| 0 eng d
100 _aNallathiga, Ramakrishna
245 _aInstitutional innovations of urban governance: some examples of Indian cities
260 _c2005
300 _ap.1-28.
362 _aJul-Dec
650 _aUrbanization
650 _aUrban development
773 _aUrban India
908 _aN
909 _a75474
999 _c75474
_d75474